| 000 | 00497nam a2200169Ia 4500 | ||
|---|---|---|---|
| 008 | 121119t1999 xxu||||| |||| 00| 0 sin d | ||
| 041 | _asin | ||
| 080 |
_aX8S1 _bMAI |
||
| 100 | _aMaiththripala | ||
| 245 | _aදඹදෙණි කුවේණි සිහබා අස්නත්රය | ||
| 246 | _aDabadeni Kuveni Sihaba Asnthraya | ||
| 260 |
_bS.Godage Samagama _aColombo 10 _c1999 |
||
| 300 | _b88p., 21 cm | ||
| 942 | _cBK | ||
| 999 |
_c75362 _d75362 |
||
| 003 | LK-CoDNM | ||
| 040 |
_aLK-CoDNM _dLK-CoDNM _eLK-CoDNM |
||